000 00649nam a2200241Ia 4500
003 OSt
005 20220927110340.0
006 a|||||r|||| 00| 0
007 ta
008 220926b |||||||| |||| 00| 0 eng d
024 _a37283
037 _cReports
040 _aRTL
_cRTL
_beng
041 _2eng
_aeng
082 _a"X:741.73.N5, K0"
111 _aNational Industrial Conference Board (New York)
_9376409
245 0 _aProgress against inflation
260 _c1960
490 _aIts conference recorder
650 _aInflation
_9353593
942 _h"X:741.73.N5, K0"
_cCC
999 _c695670
_d695670